Every 1,000,000+ City in USA in Order - Statistics

General Stats
  • This quiz has been taken 44 times
    30 since last reset
  • The average score is 39 of 59
Answer Stats
Letter Population City % Correct
L-A 17,315,460 Los Angeles
100%
N-Y-C 21,085,411 New York City
100%
S-F 7,208,355 San Francisco
100%
C 9,552,941 Chicago
96%
D 8,127,260 Dallas
96%
H 7,806,542 Houston
92%
M 6,229,012 Miami
92%
P 5,805,721 Philadelphia
92%
W-D-C 7,915,492 Washington D.C.
92%
S-D 3,510,577 San Diego
83%
A 5,309,407 Atlanta
79%
N-O 1,018,302 New Orleans
79%
S-L-C 2,612,705 Salt Lake City
79%
S-J 2,704,456 San Jose
79%
S 4,625,298 Seattle
79%
B 5,014,480 Boston
75%
K-C 1,749,037 Kansas City
75%
L-V 2,227,493 Las Vegas
75%
M 3,552,646 Minneapolis
75%
S-A 2,503,916 San Antonio
75%
A 2,079,015 Austin
71%
D 3,640,339 Denver
71%
D 4,119,673 Detroit
71%
F-W 1,104,569 Fort Worth
71%
P 4,406,929 Phoenix
71%
S-L 2,160,059 St. Louis
71%
T 4,301,370 Tampa
71%
B 2,380,602 Baltimore
67%
C 1,807,392 Charlotte
67%
C 2,027,550 Columbus
67%
I 1,990,307 Indianapolis
67%
J 1,406,185 Jacksonville
67%
M 1,436,960 Milwaukee
67%
V-B 1,780,961 Virginia Beach
67%
C 2,313,040 Cleveland
63%
E-P 1,007,958 El Paso
63%
N 1,193,407 Nashville
63%
O-C 1,629,810 Oklahoma City
63%
O 2,281,187 Orlando
63%
P 2,198,845 Portland
63%
S-J 1,912,010 San Juan
63%
C 1,707,245 Cincinnati
58%
S 2,260,479 Sacramento
58%
S-B 1,630,996 San Bernardino
58%
L 1,116,790 Louisville
54%
T 1,073,483 Tucson
54%
H 1,008,323 Honolulu
50%
M 1,108,155 Memphis
50%
P 1,602,883 Pittsburgh
50%
R 1,510,066 Raleigh
50%
B 1,057,346 Buffalo
46%
R 1,061,085 Richmond
46%
R 2,193,107 Riverside
46%
G 1,229,007 Greensboro
42%
N-H 1,105,923 New Haven
33%
S-P 1,128,508 St. Petersburg
33%
A 1,791,005 Anaheim
21%
A 1,581,170 Alexandria
13%
M 1,166,857 McAllen
8%
No matching quizzes found
Score Distribution
Percent of People with Each Score
Percentile by Number Answered
Your Score History
You have not taken this quiz since the last reset